00509nam a2200145Ia 45000010005000000080041000050200022000460820017000681000117000852450087002022600025002895900007003149010027003219990015003482323241024s9999 xx 000 0 und d a978-9945-8696-7-5 aRD/363/R426p aRepública Dominicana. Ministerio de Economía, Planificación y Desarrollo. Viceministrio de planificación 0aPlan Nacional para la Reducción de Riesgo Sísmico en la República Dominicana bEditora tele-3c2012 asi a9/8/2012 10:11:01 a.m. c9350d9350